| 000 | 00588nam a2200181Ia 4500 | ||
|---|---|---|---|
| 008 | 140321s9999 xx 000 0 und d | ||
| 020 | _a9717251320 | ||
| 050 |
_aPE 1130 _b.Or74 2012 |
||
| 100 | _aOrnos, Petra S. | ||
| 245 |
_aStudy and communication skills for college freshmen / _cPetra S. Ornos, Cerila B. Esgra and Nieva G. Gomez. |
||
| 260 |
_aManila : _bGrandbooks Pub. Inc., _cc2012. |
||
| 300 |
_a305 p. : _c23 cm. |
||
| 500 | _aIncludes bibliographical references. | ||
| 521 | _aMC | ||
| 650 |
_aEnglish language _xSudy and teaching. |
||
| 942 |
_kLOC _cBK |
||
| 999 |
_c48382 _d48382 |
||